[Event "83rd ESP-ch Women-ch 2018"]
[Site "Linares"]
[Date "2018.08.26"]
[Round "7"]
[White "Carretero Ortiz, Francisco"]
[Black "Sobrino Forte, Alvaro"]
[Result "1/2-1/2"]
[WhiteElo "2241"]
[BlackElo "1984"]
[TimeControl "40/5400+30:1800+30"]
[Annotator "ChessBase"]
[EventDate "2018.08.09"]
[PlyCount "112"]
[EventType "tourn"]
[EventCountry "ESP"]

1. e4 c5 2. g3 Nc6 3. Bg2 g6 4. Ne2 Bg7 5. c3 Nf6 6. d4 cxd4 7. cxd4 d5 8.
e5 Ng8 9. Nbc3 e6 10. Nb5 Nge7 11. Nd6+ Kf8 12. g4 Qb6 13. Qd3 Bd7 14. Qf3
Be8 15. Qc3 Qb4 16. O-O Qxc3 17. bxc3 Na5 18. Rb1 b6 19. Ba3 Kg8 20. c4 Bc6
21. Rfc1 dxc4 22. Nxc4 Nxc4 23. Rxc4 Bxg2 24. Kxg2 Nd5 25. Nc3 Nxc3 26.
Rxc3 Bf8 27. Bc1 Be7 28. Rc7 Bd8 29. Rd7 Kf8 30. Rb3 Ke8 31. Rb7 Rc8 32.
Ba3 a6 33. Rf3 Rc7 34. Rxb6 Rd7 35. Rd6 Rxd6 36. Bxd6 h5 37. h3 hxg4 38.
hxg4 Rh4 39. Kg3 Rh1 40. Rb3 Bh4+ 41. Kg2 Rd1 42. Rb8+ Kd7 43. Rb7+ Kc6 44.
Rxf7 Rxd4 45. Kh3 Bg5 46. Rg7 Rd3+ 47. Kg2 Bh4 48. Rxg6 Kd5 49. a3 Rd2 50.
Rg8 Bxf2 51. Kf3 Bd4 52. Ra8 Bxe5 53. Bxe5 Kxe5 54. Rxa6 Rd3+ 55. Ke2 Rg3
56. g5 Kf5 1/2-1/2

[Event "83rd ESP-ch Women-ch 2018"]
[Site "Linares"]
[Date "2018.08.26"]
[Round "7"]
[White "Silva Rodriguez, Fernando"]
[Black "Lopez Varela, Pablo"]
[Result "1/2-1/2"]
[WhiteElo "2239"]
[BlackElo "2100"]
[TimeControl "40/5400+30:1800+30"]
[Annotator "ChessBase"]
[EventDate "2018.08.09"]
[PlyCount "67"]
[EventType "tourn"]
[EventCountry "ESP"]

1. e4 d6 2. d4 Nf6 3. Nc3 Nbd7 4. Nf3 e5 5. Bc4 Be7 6. O-O O-O 7. a4 c6 8.
h3 h6 9. Re1 Qc7 10. Ba2 Re8 11. Be3 Nf8 12. a5 Be6 13. d5 Bd7 14. Qd3 c5
15. Bc4 Ng6 16. Reb1 Nh5 17. Ne2 f5 18. exf5 Bf6 19. Nd2 e4 20. Nxe4 Ne5
21. Nxf6+ Nxf6 22. Qb3 Bxf5 23. Ng3 Bg6 24. Re1 Nxc4 25. Qxc4 Bf7 26. Bd2
Nxd5 27. Qg4 Nf6 28. Qh4 Rxe1+ 29. Rxe1 Re8 30. Rxe8+ Nxe8 31. c4 Qd7 32.
b3 Qe6 33. Qf4 Bg6 34. Qf3 1/2-1/2

[Event "83rd ESP-ch Women-ch 2018"]
[Site "Linares"]
[Date "2018.08.26"]
[Round "7"]
[White "Alvarez Serrano, Carlos"]
[Black "Vergara Anton, Diego"]
[Result "0-1"]
[WhiteElo "2225"]
[BlackElo "2022"]
[TimeControl "40/5400+30:1800+30"]
[Annotator "ChessBase"]
[EventDate "2018.08.09"]
[PlyCount "140"]
[EventType "tourn"]
[EventCountry "ESP"]

1. d4 d5 2. c4 e6 3. Nf3 Nf6 4. Nc3 Be7 5. cxd5 exd5 6. Bg5 O-O 7. Qc2 c6
8. e3 Nbd7 9. Bd3 h6 10. Bh4 Ne8 11. Bg3 Nb6 12. O-O a5 13. Ne5 Nd6 14. b3
Bd7 15. a3 Qc8 16. f3 Bf5 17. e4 dxe4 18. fxe4 Bh7 19. Nc4 Ndxc4 20. bxc4
Qd7 21. Bf2 Rad8 22. d5 Nc8 23. e5 Bxd3 24. Qxd3 cxd5 25. cxd5 f6 26. Qc4
Kh8 27. d6 Nxd6 28. exd6 Bxd6 29. Rad1 Qe8 30. Rfe1 Qh5 31. Rxd6 Rxd6 32.
Qc5 Qxc5 33. Bxc5 Rfd8 34. Bxd6 Rxd6 35. Nb5 Rd3 36. Re7 b6 37. Re6 Rd1+
38. Kf2 Rd2+ 39. Kf3 Rd3+ 40. Kg4 h5+ 41. Kh4 Kh7 42. Rxb6 Kh6 43. g3 g5+
44. Kh3 Kg6 45. Kg2 Rd2+ 46. Kg1 Rd1+ 47. Kg2 Rd2+ 48. Kf1 Rxh2 49. Nd6 Ra2
50. Rb3 a4 51. Re3 f5 52. Re6+ Kh7 53. Nxf5 Rxa3 54. Rh6+ Kg8 55. Rxh5 Rf3+
56. Ke2 Rxf5 57. Kd2 Kg7 58. g4 Ra5 59. Kc2 a3 60. Kb1 a2+ 61. Ka1 Kf6 62.
Rh2 Ke5 63. Rf2 Ke4 64. Rf8 Kd4 65. Rf7 Re5 66. Rf3 Re4 67. Rg3 Ke5 68.
Kxa2 Kf4 69. Rg1 Kf3 70. Kb1 Kf2 0-1

[Event "83rd ESP-ch Women-ch 2018"]
[Site "Linares"]
[Date "2018.08.26"]
[Round "7"]
[White "Diaz Castro, Ismael"]
[Black "Perez Beltran, Salvador"]
[Result "1-0"]
[WhiteElo "2212"]
[BlackElo "2018"]
[Annotator "TA"]
[EventDate "2018.08.09"]
[PlyCount "117"]
[EventType "tourn"]
[EventCountry "ESP"]

1. e4 c5 2. Nf3 e6 3. d4 cxd4 4. Nxd4 Nc6 5. Nc3 Qc7 6. Qd3 a6 7. Nxc6 bxc6
8. Qg3 Qxg3 9. hxg3 d5 10. Na4 Rb8 11. Be3 $146 e5 12. Bc5 Nf6 13. Bxf8
Kxf8 14. f3 g6 15. O-O-O Kg7 16. Nc5 a5 17. Be2 d4 18. g4 Nd7 19. Nxd7 Bxd7
20. Bc4 Rb4 21. b3 f6 $2 22. c3 $1 $18 Rb7 23. cxd4 a4 24. dxe5 fxe5 25.
Rd6 axb3 26. Bxb3 Rhb8 27. Rhd1 Be8 28. g5 c5 29. Rd8 Rxd8 30. Rxd8 Bf7 31.
Bxf7 Kxf7 32. Rd5 Ra7 33. Kb2 Rb7+ 34. Ka1 c4 35. Rc5 Rd7 $2 36. a4 Rd4 37.
Kb1 Ke6 38. Kc2 c3 39. a5 Rd2+ 40. Kxc3 Rxg2 41. Kb3 Rg3 42. Rc3 Rg1 43.
Kb4 Ra1 44. Kb5 Kd6 45. Kb6 Rb1+ 46. Ka7 Rb5 47. a6 Kd7 48. Ka8 Rb6 49. Ka7
Rb5 $1 50. Rc1 Rb3 51. Rh1 Rxf3 52. Rxh7+ Kc8 53. Rg7 Re3 54. Rxg6 Rxe4 55.
Rc6+ Kd7 56. Kb7 Rg4 57. a7 Ra4 58. Ra6 Rb4+ 59. Rb6 1-0

[Event "83rd ESP-ch Women-ch 2018"]
[Site "Linares"]
[Date "2018.08.26"]
[Round "7"]
[White "Porta Tovar, Guillem"]
[Black "Ramos Saavedra, Mario"]
[Result "0-1"]
[WhiteElo "2166"]
[BlackElo "1981"]
[Annotator "TA"]
[EventDate "2018.08.09"]
[PlyCount "114"]
[EventType "tourn"]
[EventCountry "ESP"]

1. e4 c5 2. Nf3 d6 3. d4 cxd4 4. Nxd4 Nf6 5. Nc3 g6 6. Bc4 Bg7 7. Be3 Nc6
8. f3 Bd7 9. Qd2 O-O 10. Bb3 Rc8 11. h4 h5 $1 12. g4 Ne5 13. Bh6 Qa5 14.
O-O-O Nc4 15. Bxc4 $1 $16 Rxc4 16. Nf5 $146 Bxf5 17. gxf5 b5 $2 18. Bxg7
Kxg7 19. fxg6 $2 b4 $1 $15 20. Qg5 Qxg5+ 21. hxg5 $11 bxc3 22. gxf6+ Kxf6
23. gxf7 cxb2+ 24. Kxb2 $15 Rc5 25. Rd3 Kxf7 26. Rb3 a5 27. Rb7 Ke6 28. Rh3
Rfc8 29. Rh2 Rf8 30. Rb3 Rh8 31. Kc1 Ke5 32. Rh4 Kd4 33. Kd2 Rg5 34. Rd3+
Kc5 35. Kc3 e6 36. a4 Rg1 37. Rd4 Rg3 38. Rd3 Rg7 39. Kd2 Rg2+ 40. Kc1 Rg5
41. Rb3 Kc6 42. Kb2 Rc5 43. Rc3 Rxc3 44. Kxc3 Kc5 45. Kd3 e5 $1 46. c3 Rh7
$1 $19 47. c4 Kb4 48. f4 $17 exf4 49. Rxf4 h4 $19 50. Rf1 $2 h3 51. Kd4 h2
52. Rh1 Rh5 53. Rb1+ Kxa4 54. Rh1 Kb3 55. e5 dxe5+ 56. Kd5 e4+ $1 57. Kd4
e3 $1 0-1

[Event "83rd ESP-ch Women-ch 2018"]
[Site "Linares"]
[Date "2018.08.26"]
[Round "7"]
[White "Lopez Guerrero, Jose Miguel"]
[Black "Sole Pijuan, Ferran"]
[Result "0-1"]
[WhiteElo "2148"]
[BlackElo "2320"]
[TimeControl "40/5400+30:1800+30"]
[Annotator "ChessBase"]
[EventDate "2018.08.09"]
[PlyCount "58"]
[EventType "tourn"]
[EventCountry "ESP"]

1. e4 e5 2. Nf3 Nc6 3. Bb5 g6 4. d3 Bg7 5. Bg5 Nge7 6. Qd2 h6 7. Bxe7 Nxe7
8. Nc3 O-O 9. Bc4 c6 10. Bb3 Kh7 11. h4 d5 12. O-O-O d4 13. Ne2 a5 14. a3
b5 15. Rdg1 c5 16. g4 c4 17. dxc4 a4 18. Ba2 Be6 19. Qd3 Qc7 20. Ng5+ hxg5
21. hxg5+ Kg8 22. Qh3 Rfc8 23. Kb1 bxc4 24. Ka1 c3 25. Bxe6 cxb2+ 26. Kxb2
Qxc2+ 27. Ka1 fxe6 28. Rg3 Rab8 29. Qh7+ Kf8 0-1

[Event "83rd ESP-ch Women-ch 2018"]
[Site "Linares"]
[Date "2018.08.26"]
[Round "7"]
[White "Cuevas Fernandez, Jose Alberto"]
[Black "Montero Melendez, Rafael"]
[Result "0-1"]
[WhiteElo "2147"]
[BlackElo "2367"]
[TimeControl "40/5400+30:1800+30"]
[Annotator "ChessBase"]
[EventDate "2018.08.09"]
[PlyCount "42"]
[EventType "tourn"]
[EventCountry "ESP"]

1. d4 Nf6 2. Nf3 g6 3. c4 Bg7 4. Nc3 d5 5. Bg5 Ne4 6. Bh4 c6 7. e3 Qa5 8.
Bd3 Nxc3 9. Qd2 dxc4 10. Bxc4 b5 11. Be2 b4 12. bxc3 bxc3 13. Qc2 Bf5 14.
e4 Bd7 15. O-O c5 16. Qb3 Nc6 17. d5 Nd4 18. Nxd4 cxd4 19. Qb7 Rc8 20. Rab1
c2 21. Rb5 Qd2 0-1

[Event "83rd ESP-ch Women-ch 2018"]
[Site "Linares"]
[Date "2018.08.26"]
[Round "7"]
[White "Gomez Sanjuan, Hector Fernando"]
[Black "Teran Alvarez, Ismael"]
[Result "0-1"]
[WhiteElo "2146"]
[BlackElo "2377"]
[TimeControl "40/5400+30:1800+30"]
[Annotator "ChessBase"]
[EventDate "2018.08.09"]
[PlyCount "106"]
[EventType "tourn"]
[EventCountry "ESP"]

1. d4 d6 2. Nf3 Nf6 3. c4 g6 4. Nc3 Bf5 5. Nh4 Bd7 6. e4 Bg7 7. Be2 O-O 8.
O-O e5 9. Nf3 exd4 10. Nxd4 Re8 11. f3 Nc6 12. Be3 Nh5 13. Qd2 Nf4 14. Nxc6
Nxe2+ 15. Nxe2 bxc6 16. Bd4 Bxd4+ 17. Qxd4 c5 18. Qd2 Be6 19. Rac1 a5 20.
Rfd1 Qf6 21. Qc3 Qxc3 22. Rxc3 Reb8 23. Rd2 Rb4 24. b3 a4 25. Nf4 axb3 26.
axb3 Kf8 27. Nxe6+ fxe6 28. Kf2 Ra3 29. Rb2 Ke7 30. Ke3 Ra1 31. Kf4 e5+ 32.
Kg5 Rb8 33. Rcc2 Ra3 34. Rc3 Kf7 35. Rd3 h6+ 36. Kg4 Kf6 37. h3 Rb4 38. Rc3
Ra1 39. Kh4 Ke6 40. Kg3 Rb8 41. Rcc2 h5 42. Kf2 h4 43. Ke3 Ra3 44. Rc3 Rb4
45. Rd3 Ra1 46. Rc3 Kf6 47. Rcc2 Kg5 48. Kd3 Kf4 49. Kc3 Ra3 50. Rf2 Rb8
51. Rb1 Kg3 52. Rbb2 Raxb3+ 53. Rxb3 Rxb3+ 0-1

[Event "83rd ESP-ch Women-ch 2018"]
[Site "Linares"]
[Date "2018.08.26"]
[Round "7"]
[White "Jimenez de la Torre, Jose Antonio"]
[Black "Calzetta Ruiz, Monica"]
[Result "0-1"]
[WhiteElo "2076"]
[BlackElo "2302"]
[Annotator "TA"]
[EventDate "2018.08.09"]
[PlyCount "146"]
[EventType "tourn"]
[EventCountry "ESP"]

1. e4 c5 2. Nf3 Nc6 3. d4 cxd4 4. Nxd4 g6 5. c4 Nf6 6. Nc3 d6 7. Be2 Bg7 8.
Be3 O-O 9. O-O Bd7 10. f4 Nxd4 11. Bxd4 Bc6 12. Bf3 Nd7 13. Bxg7 Kxg7 14.
Qd4+ f6 15. b4 Qb6 16. Qxb6 Nxb6 17. Nd5 Bxd5 $146 18. cxd5 Rac8 19. Rac1
Na4 20. Kf2 Nc3 21. Rc2 Rc7 22. Re1 Nxd5 23. Rxc7 $11 Nxc7 $15 24. Rc1 $1
Na6 25. a3 e5 26. g3 Rf7 27. Rd1 Rd7 28. fxe5 fxe5 29. Bg4 Rd8 30. Rc1 Kf6
31. Bc8 Nc5 $1 $17 32. bxc5 Rxc8 $19 33. Rd1 Rxc5 34. Rxd6+ Ke7 35. Rd2 Rc4
36. Kf3 h5 37. Rd5 Ke6 38. Ra5 a6 39. h4 Rc3+ 40. Kf2 Rb3 41. Ra4 Rb5 42.
Rc4 Rb2+ 43. Kf1 Rb3 44. Rc7 Rxg3 45. Rxb7 Rxa3 46. Rb6+ Kf7 47. Rb7+ Kf6
48. Rb6+ Kg7 $1 49. Rb7+ Kh6 50. Re7 $2 Rh3 51. Rxe5 Rxh4 52. Kf2 Rf4+ 53.
Ke3 Rf6 54. Re8 Kg5 55. e5 Rb6 56. Kd4 h4 57. Kd5 h3 58. Rh8 Kf5 59. Rf8+
$2 Kg4 60. e6 h2 $2 61. Rf1 $2 g5 62. e7 Rb8 63. Ke6 Kg3 64. Rd1 g4 65.
Rd3+ Kg2 66. Rd8 Rb1 67. Rd2+ Kh3 68. Re2 Rb8 69. Re1 g3 70. Kf5 Kg2 71.
Rb1 Re8 72. Rb2+ Kh3 73. Rb1 Rxe7 0-1

[Event "83rd ESP-ch Women-ch 2018"]
[Site "Linares"]
[Date "2018.08.26"]
[Round "7"]
[White "Perez Perez, Gabriel"]
[Black "Diaz Castro, Sergio"]
[Result "1/2-1/2"]
[WhiteElo "2058"]
[BlackElo "2289"]
[TimeControl "40/5400+30:1800+30"]
[Annotator "ChessBase"]
[EventDate "2018.08.09"]
[PlyCount "102"]
[EventType "tourn"]
[EventCountry "ESP"]

1. d4 g6 2. Nf3 Bg7 3. g3 Nf6 4. Bg2 O-O 5. O-O d6 6. a4 a5 7. Nbd2 Nc6 8.
e4 e5 9. dxe5 dxe5 10. Nc4 Qxd1 11. Rxd1 Nxe4 12. Nfxe5 Nxe5 13. Nxe5 Nxf2
14. Re1 Re8 15. Kxf2 Bxe5 16. c3 c6 17. Bf4 f6 18. Re3 Bd7 19. Bxe5 Rxe5
20. Rxe5 fxe5 21. Re1 Re8 22. b4 Ra8 23. Rxe5 axb4 24. cxb4 Rxa4 25. Re7
Ra2+ 26. Ke3 Rxg2 27. Rxd7 b5 28. Rc7 Rxh2 29. Rxc6 Rb2 30. Kf4 Kg7 31.
Rc7+ Kh6 32. Rb7 Rxb4+ 33. Kf3 Kg5 34. Rxh7 Rb3+ 35. Kg2 b4 36. Kh3 Rc3 37.
Rb7 b3 38. Rb5+ Kf6 39. Kg4 Ke6 40. Rb6+ Kd5 41. Kf4 Kc4 42. Rxg6 b2 43.
Rc6+ Kd3 44. Rb6 Kc2 45. Rxb2+ Kxb2 46. g4 Rc8 47. g5 Kc3 48. g6 Kd4 49.
Kf5 Kd5 50. g7 Kd6 51. Kf6 Rg8 1/2-1/2

[Event "83rd ESP-ch Women-ch 2018"]
[Site "Linares"]
[Date "2018.08.26"]
[Round "7"]
[White "Cruz Ramirez, Nauzet"]
[Black "Blazquez Gomez, Juan Carlos"]
[Result "1-0"]
[WhiteElo "2037"]
[BlackElo "2240"]
[TimeControl "40/5400+30:1800+30"]
[Annotator "ChessBase"]
[EventDate "2018.08.09"]
[PlyCount "87"]
[EventType "tourn"]
[EventCountry "ESP"]

1. Nf3 Nc6 2. g3 e5 3. d3 d5 4. Bg2 f6 5. O-O Be6 6. c3 Qd7 7. b4 a6 8.
Nbd2 h5 9. h4 Nh6 10. Nb3 b6 11. a4 Rd8 12. Qc2 Kf7 13. Bd2 Nf5 14. Rad1
Nb8 15. a5 Be7 16. Bc1 Qa4 17. axb6 cxb6 18. Bd2 Rc8 19. Nbd4 Qxc2 20. Nxc2
Nd6 21. Na3 Rc7 22. Ra1 Rhc8 23. Nb1 Nb5 24. Ne1 Nd6 25. Be3 Rc6 26. Bd2 b5
27. Nc2 Ne8 28. f4 Kg8 29. Bf3 g6 30. Ne3 d4 31. Bxc6 dxe3 32. Bxe8 exd2
33. Bxg6 Bg4 34. Nxd2 Rxc3 35. fxe5 fxe5 36. Rf7 Bxb4 37. Ne4 Rc6 38. Nf6+
Rxf6 39. Rxf6 Kg7 40. Raf1 Bxe2 41. Rf7+ Kg8 42. R1f6 Bg4 43. Bh7+ Kh8 44.
Rg6 1-0

[Event "83rd ESP-ch Women-ch 2018"]
[Site "Linares"]
[Date "2018.08.26"]
[Round "7"]
[White "Nunez, Daniela Alejandra"]
[Black "Ayats Llobera, Gerard"]
[Result "1/2-1/2"]
[WhiteElo "2021"]
[BlackElo "2345"]
[TimeControl "40/5400+30:1800+30"]
[Annotator "ChessBase"]
[EventDate "2018.08.09"]
[PlyCount "93"]
[EventType "tourn"]
[EventCountry "ESP"]

1. e4 c6 2. d4 d5 3. exd5 cxd5 4. Bd3 Nc6 5. c3 Nf6 6. h3 g6 7. Nf3 Bg7 8.
O-O O-O 9. Re1 Qc7 10. Bg5 Bf5 11. Bxf5 gxf5 12. Qc1 Kh8 13. Bf4 Qd7 14.
Nbd2 Rg8 15. Ne5 Nxe5 16. dxe5 Ne4 17. Nb3 a5 18. f3 a4 19. Nd4 Nc5 20. Qe3
Ra6 21. b4 axb3 22. axb3 Rga8 23. Rxa6 Rxa6 24. b4 Na4 25. b5 Rg6 26. e6
Qe8 27. exf7 Qxf7 28. Qxe7 Bxd4+ 29. cxd4 Qxe7 30. Rxe7 Rb6 31. Be5+ Kg8
32. Rg7+ Kf8 33. Rxh7 Rxb5 34. h4 Nb2 35. Rh5 Nd3 36. Rxf5+ Kg8 37. h5 Rb1+
38. Kh2 b5 39. h6 Kh7 40. Bg7 Rb2 41. Kh3 b4 42. g4 b3 43. Kh4 Rh2+ 44. Kg5
b2 45. Rf8 Rxh6 46. Bxh6 b1=Q 47. Rf7+ 1/2-1/2

[Event "83rd ESP-ch Women-ch 2018"]
[Site "Linares"]
[Date "2018.08.26"]
[Round "7"]
[White "Pablos Tenrero, Raquel"]
[Black "Garcia Romero, Benjamin Abel"]
[Result "1-0"]
[WhiteElo "2015"]
[BlackElo "2230"]
[TimeControl "40/5400+30:1800+30"]
[Annotator "ChessBase"]
[EventDate "2018.08.09"]
[PlyCount "117"]
[EventType "tourn"]
[EventCountry "ESP"]

1. d4 d5 2. Nc3 Nf6 3. Bf4 e6 4. e3 Bb4 5. Bd3 c5 6. dxc5 Nbd7 7. Nf3 O-O
8. Bd6 Re8 9. O-O Nxc5 10. Be5 a6 11. a3 Nxd3 12. Qxd3 Bd6 13. Bxd6 Qxd6
14. e4 e5 15. Nxd5 Nxd5 16. Qxd5 Qf6 17. Rad1 Bg4 18. Qd3 Rac8 19. c3 Qg6
20. Qe3 Qh5 21. h3 Be6 22. Qg5 Qxg5 23. Nxg5 Bc4 24. Rfe1 Red8 25. Nf3 f6
26. Nd2 Bd3 27. Nf1 Kf7 28. f3 Bc2 29. Rxd8 Rxd8 30. Kf2 Bb3 31. Re2 Ke6
32. Rd2 Rc8 33. Ne3 g6 34. g4 a5 35. h4 Ba4 36. Kg3 Be8 37. g5 f5 38. exf5+
gxf5 39. f4 Rc5 40. c4 exf4+ 41. Kxf4 Re5 42. Rd4 Bc6 43. b4 b6 44. Nd5 Re1
45. Nc7+ Ke7 46. Kxf5 Bd7+ 47. Kf4 Rf1+ 48. Kg3 Bc6 49. Nd5+ Ke6 50. Rf4
Ra1 51. Rf6+ Kd7 52. Nxb6+ Kc7 53. bxa5 Rxa3+ 54. Kg4 Rxa5 55. Nd5+ Bxd5
56. cxd5 Rxd5 57. Rf7+ Rd7 58. Rxd7+ Kxd7 59. Kh5 1-0

[Event "83rd ESP-ch Women-ch 2018"]
[Site "Linares"]
[Date "2018.08.26"]
[Round "7"]
[White "Sosa Suarez, Carla Cristina"]
[Black "Jimenez Bernal, Francisco"]
[Result "1/2-1/2"]
[WhiteElo "2006"]
[BlackElo "2250"]
[TimeControl "40/5400+30:1800+30"]
[Annotator "ChessBase"]
[EventDate "2018.08.09"]
[PlyCount "67"]
[EventType "tourn"]
[EventCountry "ESP"]

1. e4 c5 2. Nf3 d6 3. d4 Nf6 4. Nc3 cxd4 5. Nxd4 a6 6. Bg5 e6 7. f4 Nbd7 8.
Bc4 Qb6 9. Bb3 Nc5 10. Bxf6 Nxb3 11. axb3 gxf6 12. f5 h5 13. Qd3 Bh6 14.
Rf1 Bd7 15. Rf3 O-O-O 16. Nd1 e5 17. Ne2 Bc6 18. c4 Rhg8 19. Kf1 Rg7 20.
Rg3 Rxg3 21. Nxg3 h4 22. Ne2 Qc5 23. Nf2 Rg8 24. h3 Kc7 25. Ng4 Bg5 26. Nc3
Kd7 27. Na4 Qb4 28. Qc3 Qxc3 29. Nxc3 Ke7 30. Ke2 Rc8 31. Ra5 Bc1 32. Ra2
Rc7 33. Kd1 Bg5 34. Ra5 1/2-1/2

[Event "83rd ESP-ch Women-ch 2018"]
[Site "Linares"]
[Date "2018.08.26"]
[Round "7"]
[White "Blazquez Gomez, Miguel"]
[Black "Sanchez Jerez, Emilio Miguel"]
[Result "0-1"]
[WhiteElo "1998"]
[BlackElo "2246"]
[TimeControl "40/5400+30:1800+30"]
[Annotator "ChessBase"]
[EventDate "2018.08.09"]
[PlyCount "90"]
[EventType "tourn"]
[EventCountry "ESP"]

1. e4 c5 2. a3 Nf6 3. e5 Nd5 4. Nc3 Nxc3 5. dxc3 d5 6. exd6 exd6 7. Qf3 Be7
8. Be3 Nc6 9. Bb5 O-O 10. Bxc6 bxc6 11. Ne2 a5 12. O-O Rb8 13. b3 Qd7 14.
Rfe1 Qf5 15. Qxf5 Bxf5 16. Ng3 Bxc2 17. Rac1 Bd3 18. Bf4 g5 19. Bd2 Rfe8
20. Nh5 h6 21. h4 Bg6 22. g4 Bxh5 23. gxh5 Kg7 24. b4 c4 25. bxa5 gxh4 26.
Re4 d5 27. Rg4+ Kh7 28. Re1 Rg8 29. f3 Bxa3 30. Kg2 Rb2 31. Re2 Ra2 32.
Rxg8 Kxg8 33. Kh3 Kh7 34. Rg2 Bc5 35. Bf4 Rxa5 36. Be5 Bf8 37. Rb2 Bg7 38.
f4 Bxe5 39. fxe5 Ra3 40. Rb7 Rxc3+ 41. Kxh4 Kg8 42. Kg4 Re3 43. Kf4 Re4+
44. Kf5 c3 45. e6 Rxe6 0-1

[Event "83rd ESP-ch Women-ch 2018"]
[Site "Linares"]
[Date "2018.08.26"]
[Round "7"]
[White "Diaz Rodriguez, Jose Antonio"]
[Black "Sanchez Vigon, David"]
[Result "0-1"]
[WhiteElo "1991"]
[BlackElo "2220"]
[Annotator "TA"]
[EventDate "2018.08.09"]
[PlyCount "140"]
[EventType "tourn"]
[EventCountry "ESP"]

1. e4 c5 2. Nf3 Nc6 3. c3 d5 4. e5 Bg4 5. Bb5 Qb6 6. Bxc6+ Qxc6 7. d3 e6 8.
Bf4 $146 Ne7 9. h3 Bh5 10. Nbd2 Qb6 11. O-O Nc6 12. g4 Bg6 $19 13. Nb3 Be7
14. Qe2 h6 15. Rad1 O-O 16. Nc1 Rae8 17. Qd2 f6 18. Kg2 Bh7 19. Ne2 Rf7 20.
exf6 Bxf6 21. g5 hxg5 22. Nxg5 Bxg5 23. Bxg5 c4 24. Nf4 Ne5 25. d4 Nd3 26.
Nxd3 Bxd3 27. Rfe1 Be4+ $1 28. Kg1 Rf3 29. Re3 e5 $2 30. Rde1 Qe6 31. Rxf3
$11 Bxf3 32. Rxe5 Qg6 33. Rxe8+ Qxe8 34. Qe3 Qf7 35. Kh2 Be4 36. Kg3 Qh5
37. f3 Bf5 38. h4 Qg6 39. Qe5 Be6 40. Qb8+ Kh7 41. Qe5 Bf7 42. Qf4 Bg8 43.
Kg4 Be6+ 44. Kg3 Qb1 45. Qc1 Qf5 46. Qf4 Qb1 47. Qc1 Qg6 48. Qf4 Bd7 49.
Qe3 Qb1 50. Qc1 Qd3 51. Qd2 Qf1 52. Qg2 Qe1+ 53. Qf2 Qe6 54. Qh2 Be8 55.
Qd2 Bd7 56. Qh2 Qf5 57. Qg2 b5 58. a3 Qe6 59. Qh2 a5 60. Qg2 b4 61. axb4
axb4 62. Qh2 bxc3 63. bxc3 Qe1+ 64. Qf2 Qxc3 65. h5 Qd3 66. Kh4 Qf5 $17 67.
Qg3 Qe6 68. Bf4 $1 $11 Qf6+ 69. Qg5 Qxd4 70. Qe5 $2 Qf2+ 0-1

[Event "83rd ESP-ch Women-ch 2018"]
[Site "Linares"]
[Date "2018.08.26"]
[Round "7"]
[White "Gonzalez Garcia, Francisco"]
[Black "Maranon Canton, Antonio"]
[Result "1-0"]
[WhiteElo "1972"]
[BlackElo "1868"]
[TimeControl "40/5400+30:1800+30"]
[Annotator "NA"]
[EventDate "2018.08.09"]
[PlyCount "83"]
[EventType "tourn"]
[EventCountry "ESP"]

1. e4 c5 2. Nf3 Nc6 3. d4 cxd4 4. Nxd4 Nf6 5. Nc3 d6 6. Bc4 e6 7. Bb3 Be7
8. O-O O-O 9. a3 Nxd4 10. Qxd4 Bd7 11. Bg5 Bc6 12. Rfe1 d5 13. exd5 Nxd5
14. Bxe7 Nxe7 15. Qg4 Nf5 16. Rad1 Qh4 17. Qxh4 Nxh4 18. f3 Rfd8 19. Kf2
Kf8 20. Na2 a5 21. c3 Ng6 22. Nc1 Rxd1 23. Rxd1 Ne5 24. Ke3 a4 25. Ba2 Ke7
26. Ne2 Bb5 27. Rd4 Nc6 28. Rd2 Na5 29. Nd4 Bc4 30. Bb1 Bd5 31. Bd3 Bc4 32.
Re2 Rc8 33. Bxc4 Nxc4+ 34. Kd3 g6 35. Kc2 Rd8 36. Re4 Nb6 37. Ne2 f5 38.
Rb4 Rd6 39. Nf4 Kf6 40. g3 h5 41. Rb5 e5 42. Rxb6 1-0

[Event "83rd ESP-ch Women-ch 2018"]
[Site "Linares"]
[Date "2018.08.26"]
[Round "7"]
[White "Antunez Munoz, Ines"]
[Black "Castellanos Gomez, Alejandro"]
[Result "0-1"]
[WhiteElo "1956"]
[BlackElo "2320"]
[TimeControl "40/5400+30:1800+30"]
[Annotator "ChessBase"]
[EventDate "2018.08.09"]
[PlyCount "80"]
[EventType "tourn"]
[EventCountry "ESP"]

1. e4 e6 2. d4 d5 3. Nd2 Nf6 4. e5 Nfd7 5. f4 c5 6. Ngf3 Nc6 7. Nb3 Be7 8.
Be2 cxd4 9. Nbxd4 Nc5 10. O-O Bd7 11. c3 a6 12. Be3 O-O 13. Qc2 Qc7 14.
Rad1 Rac8 15. Nxc6 Bxc6 16. Kh1 Ba4 17. b3 Be8 18. Nd4 b5 19. Bf3 Bd7 20.
Rde1 g6 21. Bf2 Nb7 22. Re3 Qa5 23. f5 Bg5 24. Rd3 Qc7 25. Be3 Bxe3 26.
Rxe3 gxf5 27. Bxd5 Kh8 28. Bf3 Rg8 29. Qf2 Nc5 30. Qh4 Qd8 31. Qh5 Be8 32.
Bd1 Ne4 33. Bc2 Rxc3 34. Rxc3 Nxc3 35. Nf3 Rg7 36. Nh4 Bc6 37. Rf2 Qd4 38.
Rf1 Qd2 39. Bb1 Bxg2+ 40. Kg1 Bf3+ 0-1

[Event "83rd ESP-ch Women-ch 2018"]
[Site "Linares"]
[Date "2018.08.26"]
[Round "7"]
[White "Alvarez Morales, Miguel"]
[Black "Garcia Vicente, Nieves"]
[Result "1/2-1/2"]
[WhiteElo "1955"]
[BlackElo "2181"]
[Annotator "TA"]
[EventDate "2018.08.09"]
[PlyCount "160"]
[EventType "tourn"]
[EventCountry "ESP"]

1. c4 e6 2. Nc3 d5 3. e3 Nf6 4. Nf3 a6 5. b3 c5 6. cxd5 exd5 7. d4 Nc6 8.
Be2 Bd6 9. dxc5 Bxc5 10. O-O O-O 11. Bb2 Re8 12. Rc1 Bd6 13. Kh1 $146 Be6
14. Ng5 Qe7 15. Nxe6 fxe6 16. Bf3 Rad8 17. Ne2 Ne5 18. Ng3 Nxf3 19. Qxf3
Rf8 20. Bxf6 Rxf6 21. Qg4 Rg6 22. Qh5 Rh6 23. Qg4 Rh4 24. Qe2 Qg5 25. Kg1
Rh6 $36 26. Qe1 Qh4 27. h3 Rg6 28. e4 Bf4 29. exd5 Bxc1 $19 30. Qxc1 exd5
31. Qc7 Rf8 32. Qxb7 Qd4 33. Qc7 Rgf6 34. Qc2 g6 35. Qe2 Qc5 36. Qd2 Rf4
37. Qe2 a5 38. Qe6+ Kg7 39. Qe5+ Kg8 40. Qe6+ $17 R8f7 41. Qe8+ Kg7 $1 42.
Qe5+ R7f6 43. Kh2 Qd6 44. Qe1 h5 45. Kg1 Qc5 46. Ne2 Re4 47. Qd2 Qb4 48.
Qd3 $2 Rfe6 $1 $19 49. Ng3 Rd4 50. Qb1 Rd2 51. Re1 $2 Qd4 $1 52. Rf1 h4 53.
Nh1 Ree2 54. Qc1 Rc2 55. Qg5 Rxa2 56. Qd8 Qe4 $2 57. Qd7+ Kh6 58. Qd8 Kg7
59. Qd7+ $1 Kf8 $2 60. Qd8+ $17 Kf7 61. Qd7+ $2 Kf6 62. Qd6+ Kf7 63. Qd7+
Kf6 64. Qd6+ $1 Kf5 65. Ng3+ $1 $11 hxg3 66. fxg3+ Rf2 67. g4+ Kg5 68. Qd8+
Kf4 69. Qf6+ Ke3 70. Rxf2 Rxf2 71. Qxf2+ Kd3 72. Qa2 $2 Qe1+ $1 $19 73. Kh2
d4 $1 74. Qa4 Qe5+ 75. Kg1 Qe1+ 76. Kh2 Qe5+ 77. Kg1 Kd2 $2 78. b4 $2 Qe3+
79. Kh2 Qe5+ $2 80. Kg1 Qe1+ $2 1/2-1/2